00266nam a22001097a 4500020001800000040000900018082001700027100002000044245003200064260002800096650003200124 a9781560327332 cNust a620.106bGRA aWilliam Graebel aEngineering Fluid Mechanics aUSA:bCRC Press,c2001. aEngineering Fluid Mechanics